| 000 | 01041nam a2200277 a 4500 | ||
|---|---|---|---|
| 003 | AM-YEHGA | ||
| 005 | 20260403152020.0 | ||
| 008 | 260304s1962 nyu |||er|||| 00||0|eng|d | ||
| 040 | _aAM-YEHGA | ||
| 041 | 0 | _aeng | |
| 100 | 1 | _aPlato | |
| 245 | 1 | 4 |
_aThe dialogues of Plato / _ctranslated by W.H.D. Rouse ; edited by Eric H. Warmington, Philip G. Rouse. |
| 250 | _aeighth printing | ||
| 260 |
_aNew York : _bA Mentor book : _bThe New American Library, _c1962. |
||
| 300 | _a521 p. | ||
| 440 | 0 |
_aA Mentor classic _nMT302 |
|
| 500 | _aContains the complete Texts of The Repumlic. Apology. Crito. Phaedo. Ion. Meno. Symposium- A Modern Translation by W.H.D. Rouse- Translator of The Odyssey and The Iliad. | ||
| 650 | 1 | 4 | _aPhilosophy, Ancient |
| 650 | 1 | 4 |
_aPolitical science _xEarly works to 1800 |
| 650 | 1 | 4 |
_aUtopias _xEarly works to 1800 |
| 700 | 1 |
_aRouse, William Henry Denham, _d1863-1950 _4trl |
|
| 700 | 1 |
_aWarmington, Eric Herbert, _d1898-1987 _4edt |
|
| 700 | 1 |
_aRouse, Philip G. _4edt |
|
| 942 |
_2udc _cBK |
||
| 001 | 2052582 | ||
| 999 |
_c541855 _d541855 |
||